000 00474nam a2200169 a 4500
001 000048075
005 20201002060914.0
008 181113s2015 dr 000 0 spa d
020 _a9789945084146
040 _aDO-SdBNP
_bspa
_cBNPHU
082 _axxxx
_bG318d
100 1 _aGell, Riqui
_975212
245 1 0 _aDébiles en manos de un Dios fuerte /
_cRiqui Gell.
260 _aSanto Domingo :
_bBúho,
_c2015.
300 _a155 p. ;
_c21 cm.
590 _aInventariado, 2018/LP
999 _c47563
_d47563